El Aleijadinho: Antonio Francisco Lisboa

محفوظ في:
التفاصيل البيبلوغرافية
التنسيق: كتاب
اللغة:الإسبانية
منشور في: Buenos Aires Nova 1944
سلاسل:Colección Mar Dulce
الموضوعات:
الوسوم: إضافة وسم
لا توجد وسوم, كن أول من يضع وسما على هذه التسجيلة!

MARC

LEADER 00000cam a2200000 a 4500
001 UCF3734
003 CL-VaPUC
008 121031e19440000AG |||||||||||||||||spa|d
082 0 4 |a 730.981  |b ALE  |2 21 
245 1 3 |a El Aleijadinho: Antonio Francisco Lisboa 
300 |a 19 p 
942 |c BK 
945 |d 20121031 00:00:00  |a cmena 
260 |a Buenos Aires  |b Nova  |c 1944 
500 |a Incluye 31 láminas 
600 0 7 |a LISBOA, ANTONIO FRANCISCO  |2 CL-VaPUC  |9 565467 
650 0 |a Escultores  |9 267159 
650 0 |a Biografías  |9 255210 
583 |a last modification  |c 20121031 10:09:00  |k Rodrigo Vera 
490 0 |a Colección Mar Dulce 
999 |c 349894  |d 349892 
952 |0 0  |1 0  |4 0  |6 730_981000000000000_ALE_1944  |7 0  |8 A  |9 452774  |a BIBART  |b BIBART  |d 2019-11-22  |i 4811577  |o 730.981 ALE 1944  |p 4811577  |r 2025-03-13  |w 2019-11-22  |y BK  |k ART